| 000 -LEADER |
| fixed length control field |
02502cam a22003614a 4500 |
| 001 - CONTROL NUMBER |
| control field |
14310887 |
| 005 - DATE AND TIME OF LATEST TRANSACTION |
| control field |
20170120151447.0 |
| 008 - FIXED-LENGTH DATA ELEMENTS--GENERAL INFORMATION |
| fixed length control field |
060322s2006 cauab b 000 0 eng |
| 010 ## - LIBRARY OF CONGRESS CONTROL NUMBER |
| LC control number |
2006009929 |
| 020 ## - INTERNATIONAL STANDARD BOOK NUMBER |
| International Standard Book Number |
0833038672 (pbk. : alk. paper) |
| 020 ## - INTERNATIONAL STANDARD BOOK NUMBER |
| International Standard Book Number |
9780833038678 |
| 035 ## - SYSTEM CONTROL NUMBER |
| System control number |
(OCoLC)ocm65400195 |
| 040 ## - CATALOGING SOURCE |
| Original cataloging agency |
DLC |
| Transcribing agency |
DLC |
| Modifying agency |
YDX |
| -- |
BAKER |
| -- |
OCO |
| -- |
CZL |
| -- |
XLM |
| -- |
TTU |
| -- |
DLC |
| 042 ## - AUTHENTICATION CODE |
| Authentication code |
pcc |
| 043 ## - GEOGRAPHIC AREA CODE |
| Geographic area code |
n-us--- |
| 050 00 - LIBRARY OF CONGRESS CALL NUMBER |
| Classification number |
NX740 |
| Item number |
.L67 2006 |
| 100 1# - MAIN ENTRY--PERSONAL NAME |
| Personal name |
Lowell, Julia, |
| Dates associated with a name |
1961- |
| 245 14 - TITLE STATEMENT |
| Title |
The arts and state governments : |
| Remainder of title |
at arm's length or arm in arm? / |
| Statement of responsibility, etc. |
Julia F. Lowell, Elizabeth Heneghan Ondaatje. |
| 260 ## - PUBLICATION, DISTRIBUTION, ETC. (IMPRINT) |
| Place of publication, distribution, etc. |
Santa Monica, CA : |
| Name of publisher, distributor, etc. |
RAND Corporation, |
| Date of publication, distribution, etc. |
2006. |
| 300 ## - PHYSICAL DESCRIPTION |
| Extent |
xvi, 68 p. : |
| Other physical details |
ill., map ; |
| Dimensions |
26 cm. |
| 500 ## - GENERAL NOTE |
| General note |
"MG-359-WF."--P. [4] cover. |
| 504 ## - BIBLIOGRAPHY, ETC. NOTE |
| Bibliography, etc |
Includes bibliographical references (p. 59-68). |
| 505 0# - FORMATTED CONTENTS NOTE |
| Formatted contents note |
1. Introduction -- Research approach -- Report overview -- 2. At arms-length -- SAAS governance structure and decisionmaking processes -- Advocacy -- Insulation or isolation? -- 3. Catalysts for change -- Budgetary trends -- Political developments -- 4. Making the case for the arts in Montana -- Brief history of the Montana Arts Council -- Montana's new strategy : marketing the arts and the agency -- 5. New priorities for public arts funding in Maine -- Brief history of the Maine Arts Commission -- Maine's strategy : strengthening communities, strengthening alliances -- 6. Strategic management of state arts agencies -- Public-value framework -- Lessons from Montana and Maine -- Relevance of lessons to other states -- Arm in arm with state government leaders? -- 7. At arms-length-- but dancing -- Risks of arm-in-arm approaches -- Rewards of arm-in-arm approaches -- Appendix A. Some facts about state arts agencies -- Appendix B. Montana Arts Council's listening tour. |
| 650 #0 - SUBJECT ADDED ENTRY--TOPICAL TERM |
| Topical term or geographic name as entry element |
Government aid to the arts |
| Geographic subdivision |
United States |
| Form subdivision |
Case studies. |
| 650 #0 - SUBJECT ADDED ENTRY--TOPICAL TERM |
| Topical term or geographic name as entry element |
Art commissions |
| Geographic subdivision |
United States. |
| 650 #0 - SUBJECT ADDED ENTRY--TOPICAL TERM |
| Topical term or geographic name as entry element |
U.S. states |
| General subdivision |
Cultural policy. |
| 700 1# - ADDED ENTRY--PERSONAL NAME |
| Personal name |
Ondaatje, Elizabeth Heneghan. |
| 856 41 - ELECTRONIC LOCATION AND ACCESS |
| Materials specified |
Table of contents |
| Uniform Resource Identifier |
<a href="http://www.loc.gov/catdir/toc/ecip0611/2006009929.html">http://www.loc.gov/catdir/toc/ecip0611/2006009929.html</a> |
| 942 ## - ADDED ENTRY ELEMENTS (KOHA) |
| Source of classification or shelving scheme |
|
| Koha item type |
Hard Covered Materials |
| Classification part |
N34 .U72 1983 |